[Event "DEN-ch sf7"]
[Site "Svendborg"]
[Date "2024.03.29"]
[Round "5"]
[White "Rasmussen, Steen Hulthin"]
[Black "Madsen, Hans Henrik"]
[Result "1/2-1/2"]
[WhiteElo "2052"]
[BlackElo "2087"]
[PlyCount "34"]
[EventDate "2024.03.29"]
[EventType "swiss"]
[EventRounds "7"]
[EventCountry "DEN"]
[SourceTitle "CB16_2024"]
[SourceDate "2024.04.17"]
[SourceVersion "1"]
[SourceVersionDate "2024.04.17"]
[SourceQuality "1"]

1. d4 d5 2. c4 e6 3. Nc3 Nf6 4. Bg5 Be7 5. Nf3 0-0 6. e3 a6 7. cxd5 exd5 8. Bd3 Nbd7 9. 0-0 c6 10. Qc2 Re8 11. Nd2 Nf8 12. Rab1 Be6 13. b4 Rc8 14. Na4 N6d7 15. Bf4 b5 16. Nc3 Nb6 17. a3 Bd6 1/2-1/2

[Event "Lovfalds 08th B"]
[Site "Ringsted"]
[Date "1994.09.09"]
[Round "2"]
[White "Pedersen, Henrik Dahl"]
[Black "Rasmussen, Steen Hulthin"]
[Result "0-1"]
[WhiteElo "1895"]
[BlackElo "1847"]
[PlyCount "30"]
[EventDate "1994.09.02"]
[EventType "tourn"]
[EventRounds "5"]
[EventCountry "DEN"]
[SourceTitle "EXT 2023"]
[Source "ChessBase"]
[SourceDate "2022.10.05"]
[SourceVersion "1"]
[SourceVersionDate "2022.10.05"]
[SourceQuality "1"]

1. e4 e5 2. Nf3 Nc6 3. Bc4 Bc5 4. 0-0 d6 5. c3 Qf6 6. d4 exd4 7. Bg5 Qg6 8. b4 Bb6 9. cxd4 Nxd4 10. Nxd4 Qxg5 11. Bb5+ c6 12. Ba4 Bxd4 13. Qxd4 Bh3 14. g3 Bxf1 15. f4 Qf6 0-1

[Event "Lovsprings op 06th B"]
[Site "Ringsted"]
[Date "1994.05.22"]
[Round "7"]
[White "Rasmussen, Steen Hulthin"]
[Black "Larsen, Soren Michael"]
[Result "1/2-1/2"]
[WhiteElo "1853"]
[BlackElo "1848"]
[PlyCount "29"]
[EventDate "1994.03.27"]
[EventType "swiss"]
[EventRounds "7"]
[EventCountry "DEN"]
[SourceTitle "EXT 2023"]
[Source "ChessBase"]
[SourceDate "2022.10.05"]
[SourceVersion "1"]
[SourceVersionDate "2022.10.05"]
[SourceQuality "1"]

1. e4 c5 2. d4 cxd4 3. Nf3 d6 4. c3 dxc3 5. Nxc3 Nf6 6. Bc4 g6 7. e5 d5 8. Bb5+ Nfd7 9. Qxd5 e6 10. Qe4 Bg7 11. h4 Qc7 12. Bf4 Nc6 13. Bxc6 Qxc6 14. Qxc6 bxc6 15. Ne4 1/2-1/2

[Event "Lovsprings op 06th B"]
[Site "Ringsted"]
[Date "1994.04.03"]
[Round "2"]
[White "Rasmussen, Steen Hulthin"]
[Black "Hansen, Morten Lyck"]
[Result "1/2-1/2"]
[WhiteElo "1853"]
[BlackElo "1826"]
[PlyCount "70"]
[EventDate "1994.03.27"]
[EventType "swiss"]
[EventRounds "7"]
[EventCountry "DEN"]
[SourceTitle "EXT 2023"]
[Source "ChessBase"]
[SourceDate "2022.10.05"]
[SourceVersion "1"]
[SourceVersionDate "2022.10.05"]
[SourceQuality "1"]

1. e4 c5 2. d4 cxd4 3. c3 dxc3 4. Nxc3 Nc6 5. Nf3 a6 6. Bc4 e6 7. 0-0 Qc7 8. Qe2 Bd6 9. Be3 Nge7 10. Rac1 0-0 11. Bb3 Ng6 12. g3 b5 13. Nd4 Nxd4 14. Bxd4 Qb8 15. Rfe1 Be5 16. Bxe5 Nxe5 17. h4 Bb7 18. h5 h6 19. Rcd1 Qd8 20. f4 Nc6 21. Qd3 Qb6+ 22. Kh2 Rad8 23. Re2 Qc5 24. e5 Nb4 25. Qe3 d6 26. Rxd6 Qxe3 27. Rxe3 Rxd6 28. exd6 Rd8 29. f5 Rxd6 30. fxe6 fxe6 31. Bxe6+ Kf8 32. Re2 Nd3 33. Bf5 Nc5 34. Bg6 Re6 35. Rf2+ Rf6 1/2-1/2